Holnap hétfő (az Atyának,-)

Bibliographic Details
Main Author: Pomázi, Adél, 1972- (Author)
Format: Book
Language:Hungarian
PhysicalDescription:251 s. 20 cm
Published: Dunaszerdahely Lilium Aurum 2011
ISBN:9788080624316
Edition:1. kiad.
Subjects:

MARC

LEADER 00000cam a2200000 a 4500
001 vtls010288929
003 SK-MaSNL
005 20260301131954.0
008 240314s2011 xo 000 f hun
015 |a SNBA2011/09-04809 
020 |a 9788080624316  |q (viaz.) 
035 |a 81B75036-1EB8-412A-A92E-78D0297495B9 
035 |a urn:nbn:sk:snk-amji7c 
035 |a urn:nbn:sk:snk-am002e8u 
040 |a SNK  |b slo  |c SNK  |e AACR2 
041 0 |a hun 
044 |a xo  |c SK 
072 7 |a 821.511.1  |x Ugrofínske literatúry  |2 konspekt 
080 |a 821.511.141-31  |2 2001 
100 1 |a Pomázi, Adél,  |d 1972-  |4 aut  |9 482028 
245 1 0 |a Holnap hétfő  |b (az Atyának,-)  |c Pomázi Adél 
250 |a 1. kiad. 
260 |a Dunaszerdahely  |b Lilium Aurum  |c 2011 
300 |a 251 s.  |c 20 cm 
366 |e 600 výt. 
500 |a Tir. aj slov. 
655 7 |a maďarské romány  |2 SNKPH  |9 70321 
655 7 |a Hungarian fiction  |2 SNKPHeng  |9 277893 
752 |a Slovensko  |d Dunajská Streda 
852 |a Štátna vedecká knižnica v Banskej Bystrici 
919 |a 978-80-8062-431-6 
958 |a LX 
958 |a HU 
958 |a NM 
968 |d 821 
999 |c 749685  |d 751615 
952 |a SNK  |b SNK  |y PREZ  |7 0  |p 17A0705973  |o snkSD 80306  |i snk2011/14735  |8 0  |0 0  |1 0  |4 0  |d 2011-06-28  |l 0  |r 2025-11-27 00:00:00  |w 2026-02-23 
952 |a SNK  |b SNK  |y VYP  |7 0  |p 17A0705972  |o snkSD 80306 D1  |i snk2011/14736  |8 0  |0 0  |1 0  |4 0  |d 2011-06-28  |f 1  |l 0  |r 2017-06-30 00:00:00  |w 2026-02-23